000 01676nam a2200313Ia 4500
999 _c49208
_d49208
001 16119
003 GE_BSU
005 20250415111344.0
008 181216s2014||||ge |||||||||||||| ||geo||
020 _a978-9941-11-462-5
040 _cGE_BSU
041 _ageo
080 _a616.896 ბ-45
100 _aბელასენი, მარკ
_922582
245 _aაუტისტი ბავშვი :
_bსახელმძღვ. მშობლებისთვის /
_cმარკ ბელასენი, ოლგა შავერნე ; მთარგმნ. : ნინო ზარდიაშვილი [და სხვ.] ; რედ. : ლალი ჭინჭარაული, სოლომონ ნოზაძე.
264 _aთბილისი :
_bდიოგენე,
_c2014.
300 _a309 გვ. ;
_c19 სმ.
504 _aბიბლიოგრ. ტექსტ. შენიშვნ.
541 _h10ლ.
653 _aაუტისტი ბავშვი
653 _aმედიცინა
700 _aშავერნე, ოლგა
_eავტორი
_922584
700 _aზარდიაშვილი, ნინო
_eმთარგმნელი
_922585
700 _aტარასაშვილი, მარინე
_eმთარგმნელი
_922586
700 _a თავბერიძე, ირინა
_eმთარგმნელი
_924801
700 _aჭინჭარაული, ლალი
_eრედაქტორი
_924802
700 _aნოზაძე, სოლომონ
_eრედაქტორი
_922588
942 _cBK
_2udc